Constitution by-laws and regulations on advertising and publicity

Bibliographic Details
Corporate Author: Institution of Surveyors Malaysia
Format: Book
Language:English
Published: Selangor : The Institution of Surveyor Malaysia , 1995
Subjects:

MARC

LEADER 00000cam a2200000 7i4500
001 0000026954
005 20161109.0
008 161007 my eng
040 |a INS 
090 0 0 |a TA526.M5   |b I55 1995 
110 2 |a Institution of Surveyors Malaysia 
245 0 0 |a Constitution by-laws and regulations on advertising and publicity   |c The Institution of Surveyor Malaysia 
260 |a Selangor :   |b The Institution of Surveyor Malaysia ,   |c 1995 
300 |a 35p. ;   |c 25cm. 
650 0 |a Surveyors   |z Malaysia   |x Societies, etc. 
999 |a 0000023497   |b BOOK   |c Open Shelf   |e Default branch 
999 |a 0000024319   |b BOOK   |c Open Shelf   |e Default branch